| 000 | 00708nam a22002297a 4500 | ||
|---|---|---|---|
| 005 | 20170124110200.0 | ||
| 010 | _aA-777790 | ||
| 020 |
_c00.00 _a8171082734 |
||
| 035 | _aA-777790 | ||
| 037 | _bCen Lib/Ret | ||
| 040 |
_aDPL _bEN |
||
| 082 |
_a155.4 _bKAL |
||
| 100 |
_aKaliaden, George J. _935829 |
||
| 245 |
_aMoulding your child : _cby George J.Kaliaden _btechniques to improve childrens behaviour / |
||
| 260 |
_aBombay _bBetter Yourself Books |
||
| 270 |
_aBandra _b Bombay _e400050 |
||
| 300 |
_a151p. : _c20cm(Hb) _bill. |
||
| 500 | _aIncludes bibliographical reference | ||
| 650 |
_aPsychology _935830 |
||
| 650 |
_aChild Behaviour _935831 |
||
| 942 |
_2ddc _cEN _h155.4 _mKAL |
||
| 999 |
_c132817 _d132817 |
||